000 00665nam a2200205Ia 4500
003 GCL
008 140319s9999 xx 000 0 ara d
040 _aGCL /
_cGCL
082 0 4 _a301.423
_bع ع
100 1 _aمحمد الجوهرى
245 1 0 _aعلم الاجتماع الطبى: مدخل نظرى /
_cمحمد الجوهرى
700 1 _aعلى المكاوى
260 _a[S.N] :
_bدار المعرفة الجامعية ،
_c1990
300 _a479 ص
490 _aسلسلة علم الاجتماع المعاصر
_v0
650 0 4 _aالاسرة
650 0 4 _aالاجتماع
650 0 4 _aالاجتماع الطبى، علم
942 _2ddc
_cBK
999 _c34520
_d34520